| 000 | 01436nam a2200325 c 4500 | ||
|---|---|---|---|
| 003 | BLK | ||
| 005 | 20180420214854.0 | ||
| 008 | 180412b bul|||||r ||||||| ||bul|| | ||
| 010 | _aKNG00015330000 | ||
| 020 |
_a954-450-032-4 _bиздат.: Евразия-Абагар |
||
| 040 | _aBLK | ||
| 041 |
_aBUL _cBUL |
||
| 080 |
_aКласически митологии. Религии на Древна Гърция и Рим, етруска религия. Подразделя се като 291 _b292 _x(035) _z292(035) |
||
| 100 | 1 |
_aШмид, Жоел _eпърви автор _9258559 |
|
| 139 |
_aШмид, Жоел _bШ 77 |
||
| 245 | 1 | 0 |
_aРечник по гръцка и римска митология _cЖоел Шмид. |
| 257 | _aFRA | ||
| 260 |
_аПлевен _bЕвразия-Абагар _c1995 |
||
| 300 |
_a283 с. _c20 см |
||
| 380 | _a2 | ||
| 490 | 1 | _aЛексикон | |
| 500 | _aДеп. списък: 47 Ориг. загл. Dictionnaire de la mythologie greque et romaine / Joel Schmidt ; 2 000 тир Геогр. руб.: Древна Гърция, Древен Рим | ||
| 650 | 4 |
_aМитология - Древна Гърция и Древен Рим - речници и справочници _9258560 |
|
| 653 | _aмитология | ||
| 852 | _aЦб 191099 | ||
| 856 | 4 |
_qpdf _u |
|
| 856 | 4 |
_qpdf _u |
|
| 942 |
_cKNG _n0 |
||
| 944 |
_aCR _c15.01.2003 _kКети_Илиева |
||
| 944 |
_aED _c23.10.2015 _kНора_Радева |
||
| 999 |
_c13664 _d13664 |
||